| 000 | 00597nam a2200217 4500 | ||
|---|---|---|---|
| 001 | 31399 | ||
| 010 | _a9789727126187 | ||
| 021 |
_aPT _b315569/10 |
||
| 090 | _a31399 | ||
| 100 | _a20100315d2010 adc 0pory5003 ba | ||
| 101 | _apor | ||
| 102 | _aPT | ||
| 200 | 1 |
_aMeninos de Todas as Cores _fLuísa Duclas Soares _gil. Cristina Malaquias |
|
| 210 |
_aAlfragide _cNovagaia _d2010 |
||
| 215 |
_a63, [3] p. _d28cm |
||
| 606 |
_9187 _aHistórias para crianças |
||
| 675 |
_a087.5 _92104 |
||
| 700 | 1 |
_aSoares _bLuísa Ducla |
|
| 702 | 1 |
_aMalaquias _bCristina _4440 _9448 |
|
| 801 |
_aPT _gRPC |
||
| 990 | _cLIVROS | ||